[Event "NAYCC U12 w"]
[Site "Kingston CAN"]
[Date "2019.08.18"]
[Round "5.107"]
[White "Jeyakumar, Mathusha"]
[Black "Morden, Simone"]
[Result "0-1"]
[WhiteElo "855"]
[BlackElo "1415"]
[PlyCount "84"]
[EventDate "2019.08.16"]
[EventType "swiss"]
[EventRounds "9"]
[EventCountry "CAN"]

1. e4 e5 2. Nf3 Nc6 3. Bb5 a6 4. Ba4 Nf6 5. O-O b5 6. Bb3 Bc5 7. d3 h6 8. Nc3
O-O 9. h3 d6 10. Bd2 Na5 11. Nd5 Nxb3 12. Nxf6+ Qxf6 13. axb3 Bd7 14. Qe2 Qg6
15. Nh4 Qf6 16. Qh5 Rfe8 17. c3 c6 18. d4 exd4 19. cxd4 Bxd4 20. Rae1 Re5 21.
Nf5 Bxf5 22. exf5 Rxf5 23. Qe2 Re5 24. Be3 Qe6 25. Qd3 Bxe3 26. fxe3 Re8 27.
Rf3 Qd5 28. Qc3 Rg5 29. Qc2 Qxf3 30. Qd2 Qe4 31. Qf2 Ree5 32. Kh2 Ref5 33. Qd2
Qe5+ 34. Kg1 Rf3 35. Qe2 Rxh3 36. g4 Rg3+ 37. Kf1 R3xg4 38. Qf2 Rf5 39. Re2
Rxf2+ 40. Rxf2 Qxe3 41. Re2 Rf4+ 42. Ke1 Qc1# 0-1

[Event "NAYCC U12 w"]
[Site "Kingston CAN"]
[Date "2019.08.18"]
[Round "5.108"]
[White "Liao, Jody"]
[Black "Surya, Dania"]
[Result "1/2-1/2"]
[WhiteElo "991"]
[BlackElo "1216"]
[PlyCount "127"]
[EventDate "2019.08.16"]
[EventType "swiss"]
[EventRounds "9"]
[EventCountry "CAN"]

1. e4 d5 2. exd5 Qxd5 3. Nc3 Qa5 4. Nf3 Nf6 5. Bc4 Bf5 6. d4 c6 7. Bf4 Nbd7 8.
Qb1 e6 9. a3 Be7 10. b4 Qd8 11. Qd1 O-O 12. h3 Nb6 13. Bd3 Bxd3 14. Qxd3 Nbd5
15. Bd2 Nxc3 16. Qxc3 Ne4 17. Qe3 Nxd2 18. Qxd2 a5 19. O-O axb4 20. axb4 Rxa1
21. Rxa1 Qb6 22. c3 Rd8 23. Qc2 Qc7 24. Ra5 h6 25. Ne5 b6 26. Ra6 Qb7 27. Qa4
b5 28. Qa2 Bd6 29. Nxc6 Rc8 30. Na7 Ra8 31. Rxd6 Rxa7 32. Qe2 Qc7 33. Qe5 Ra3
34. Qc5 Rxc3 35. Qxc7 Rxc7 36. Rb6 Rc1+ 37. Kh2 Rc4 38. Rxb5 Kf8 39. Kg3 Rxd4
40. Kf3 Rd7 41. Rb6 Ke7 42. Ke4 Kd8 43. Rb8+ Kc7 44. Rg8 f6 45. f4 Kc6 46. Re8
Kb5 47. Rxe6 Kxb4 48. Kf3 Kc5 49. Re3 Kd6 50. Rd3+ Ke6 51. Rxd7 Kxd7 52. Kg4
Ke6 53. Kh5 Kf5 54. g3 g5 55. Kxh6 gxf4 56. gxf4 Kxf4 57. h4 Ke4 58. Kg6 f5 59.
h5 f4 60. h6 f3 61. h7 f2 62. h8=Q f1=Q 63. Qf6 Qxf6+ 64. Kxf6 1/2-1/2

[Event "NAYCC U12 w"]
[Site "Kingston CAN"]
[Date "2019.08.18"]
[Round "5.109"]
[White "Li, Annie"]
[Black "Jin, Christina"]
[Result "1-0"]
[WhiteElo "1284"]
[BlackElo "1503"]
[PlyCount "101"]
[EventDate "2019.08.16"]
[EventType "swiss"]
[EventRounds "9"]
[EventCountry "CAN"]

1. e4 c5 2. Nf3 d6 3. d4 cxd4 4. Nxd4 Nf6 5. Nc3 a6 6. Be2 e5 7. Nf3 Be6 8. Bg5
Be7 9. Qd2 Nbd7 10. O-O-O Rc8 11. Bxf6 Nxf6 12. Nd5 Nxe4 13. Qe3 f5 14. h3 Rc5
15. Nxe7 Qxe7 16. Kb1 O-O 17. g4 Nf6 18. Ng5 Nd5 19. Qd2 Nf4 20. Nxe6 Qxe6 21.
gxf5 Qxf5 22. Bg4 Qe4 23. f3 Qe2 24. Qxe2 Nxe2 25. Rxd6 Nd4 26. Rd1 Nxf3 27.
Be6+ Kh8 28. Rd8 g6 29. Rxf8+ Kg7 30. Rxf3 Rc7 31. Rd7+ Rxd7 32. Bxd7 b5 33.
Bc8 a5 34. Ba6 b4 35. a3 e4 36. Re3 bxa3 37. bxa3 h5 38. Rxe4 Kf6 39. c4 Kf5
40. Re1 g5 41. c5 g4 42. hxg4+ hxg4 43. c6 g3 44. c7 g2 45. c8=Q+ Kf4 46. Rg1
Kf3 47. Rxg2 Kxg2 48. Qc3 a4 49. Bb7+ Kf2 50. Qf3+ Kg1 51. Qg2# 1-0

[Event "NAYCC U12 w"]
[Site "Kingston CAN"]
[Date "2019.08.18"]
[Round "5.110"]
[White "Liu, Lily"]
[Black "Chen, Helen"]
[Result "1-0"]
[WhiteElo "919"]
[BlackElo "1447"]
[PlyCount "59"]
[EventDate "2019.08.16"]
[EventType "swiss"]
[EventRounds "9"]
[EventCountry "CAN"]

1. e4 c5 2. Nf3 Nc6 3. d4 cxd4 4. Nxd4 e5 5. Nb3 Nf6 6. Nc3 Bb4 7. Bd3 d5 8.
exd5 Nxd5 9. Bd2 Nxc3 10. Bxc3 Bxc3+ 11. bxc3 O-O 12. O-O b6 13. Be4 Bb7 14. c4
Rc8 15. f4 Qxd1 16. Raxd1 f6 17. fxe5 fxe5 18. Rxf8+ Rxf8 19. Rf1 Rxf1+ 20.
Kxf1 Na5 21. Bd5+ Kf8 22. Nxa5 Bxd5 23. cxd5 bxa5 24. Ke2 Ke7 25. Ke3 Kd7 26.
Ke4 Kd6 27. a4 a6 28. c4 g6 29. c5+ Kxc5 30. Kxe5 1-0

[Event "NAYCC U12 w"]
[Site "Kingston CAN"]
[Date "2019.08.18"]
[Round "5.111"]
[White "Xie, Amy"]
[Black "Geillon-Barral, Roween"]
[Result "1-0"]
[WhiteElo "625"]
[BlackElo "874"]
[PlyCount "131"]
[EventDate "2019.08.16"]
[EventType "swiss"]
[EventRounds "9"]
[EventCountry "CAN"]

1. e4 e5 2. Nf3 Nc6 3. Bc4 Bc5 4. O-O Nf6 5. Nc3 O-O 6. d3 d6 7. Bh6 Nh5 8. Nd5
Be6 9. Ng5 Bxd5 10. Bxd5 Qf6 11. Qxh5 g6 12. Qg4 Qf4 13. Qxf4 exf4 14. Bxf8
Rxf8 15. Kh1 Kg7 16. Bxc6 bxc6 17. a3 h6 18. b4 Bd4 19. Rab1 hxg5 20. b5 c5 21.
c4 Rh8 22. g3 f3 23. Kg1 g4 24. Ra1 Kf6 25. h4 Ke5 26. Rfd1 f5 27. Re1 Bc3 28.
exf5+ Kxf5 29. Rac1 Bb2 30. Rb1 Bxa3 31. Re4 g5 32. Ra1 Bb2 33. Rxa7 Rh7 34.
Kf1 gxh4 35. gxh4 Rxh4 36. Ke1 Bc1 37. Kd1 Rh1+ 38. Re1 Rh8 39. Kxc1 Rb8 40.
Rxc7 Kf4 41. Re4+ Kg5 42. d4 cxd4 43. Rxd4 Rb6 44. c5 dxc5 45. Rxc5+ Kh4 46.
Rb4 Rb7 47. b6 Kh3 48. Rc7 Rb8 49. b7 Kg2 50. Rxg4+ Kxf2 51. Rb4 Kg2 52. Rb2+
f2 53. Rg7+ Kf3 54. Rf7+ Kg3 55. Rfxf2 Kg4 56. Rb4+ Kg3 57. Rd2 Kf3 58. Rc2 Ke3
59. Rc8 Rxc8+ 60. bxc8=Q Kd3 61. Rb7 Kd4 62. Rd7+ Ke5 63. Qe8+ Kf6 64. Rf7+ Kg6
65. Qg8+ Kh6 66. Rh7# 1-0

[Event "NAYCC U12 w"]
[Site "Kingston CAN"]
[Date "2019.09.18"]
[Round "6.98"]
[White "Lee, Yesun"]
[Black "Wang, Rachel"]
[Result "1-0"]
[WhiteElo "1696"]
[BlackElo "1344"]
[PlyCount "123"]
[EventDate "2019.08.16"]
[EventType "swiss"]
[EventRounds "9"]
[EventCountry "CAN"]

1. d4 d5 2. Nf3 Nf6 3. Bf4 c5 4. e3 Nc6 5. Be2 Bf5 6. O-O e6 7. c3 c4 8. Nbd2
Be7 9. h3 h6 10. Ne5 Rc8 11. Ndf3 O-O 12. Rc1 b5 13. a3 Na5 14. Nd2 Ne4 15.
Nef3 Qb6 16. Ra1 Rfe8 17. Nxe4 Bxe4 18. Nd2 Bg6 19. Re1 Bd6 20. Bf3 Bxf4 21.
exf4 Qb8 22. g3 Nc6 23. Bg4 f5 24. Bh5 Bxh5 25. Qxh5 Kh7 26. Re3 Rc7 27. Rae1
Rce7 28. h4 a5 29. Rxe6 Rxe6 30. Rxe6 Rxe6 31. Qxf5+ Rg6 32. h5 Ne7 33. hxg6+
Nxg6 34. Qxd5 Nxf4 35. gxf4 Qxf4 36. Qe4+ Qxe4 37. Nxe4 Kg6 38. Nd6 Kf6 39.
Nxb5 Ke6 40. a4 Kd7 41. Na3 Kc6 42. Nxc4 g5 43. Ne3 h5 44. c4 g4 45. Nf5 Kc7
46. d5 Kd7 47. c5 Kc7 48. Kg2 Kd7 49. Kg3 Kc7 50. Kf4 Kd7 51. c6+ Kc7 52. Ke5
h4 53. Nxh4 g3 54. fxg3 Kd8 55. Kd6 Kc8 56. c7 Kb7 57. Kd7 Kb6 58. c8=Q Ka7 59.
Qc6 Kb8 60. Qb5+ Ka7 61. Kc8 Ka8 62. Qb8# 1-0

[Event "NAYCC U12 w"]
[Site "Kingston CAN"]
[Date "2019.08.18"]
[Round "6.99"]
[White "Hua, Michelle"]
[Black "Wang, Felicity"]
[Result "1-0"]
[WhiteElo "1666"]
[BlackElo "1490"]
[PlyCount "173"]
[EventDate "2019.08.16"]
[EventType "swiss"]
[EventRounds "9"]
[EventCountry "CAN"]

1. c4 e5 2. g3 Nf6 3. Bg2 d5 4. cxd5 Nxd5 5. Nc3 Nb6 6. Nf3 Nc6 7. O-O Be7 8.
b3 O-O 9. Bb2 f5 10. d3 Be6 11. Qd2 a6 12. Rac1 Qe8 13. Nb1 Bd6 14. Na3 Qh5 15.
Nc4 Nxc4 16. bxc4 f4 17. Qc2 Rfe8 18. Bc3 Rab8 19. Qb2 Bh3 20. Bxh3 Qxh3 21.
Ng5 Qh5 22. Ne4 Re6 23. Kg2 Rh6 24. Rh1 Qh3+ 25. Kg1 Rg6 26. Qb3 Kh8 27. Qd1
Rf8 28. Qf1 Qh4 29. Qg2 Qh5 30. f3 Qh6 31. g4 Qh4 32. Be1 Qe7 33. Bf2 Ba3 34.
Rb1 b6 35. h4 Qd7 36. Rb3 Be7 37. h5 Re6 38. Kh2 Nd4 39. Bxd4 Qxd4 40. Qf2
Qxf2+ 41. Nxf2 Rb8 42. Ne4 b5 43. Rhb1 b4 44. c5 a5 45. a3 Kg8 46. axb4 Rxb4
47. Rxb4 axb4 48. Rxb4 Rc6 49. d4 exd4 50. Rxd4 Bxc5 51. Nxc5 Rxc5 52. Rxf4 Rc2
53. Re4 c5 54. Kg2 Kf7 55. Kf2 Rd2 56. Ke3 Rd5 57. f4 g6 58. hxg6+ hxg6 59. Kf3
Kf6 60. e3 Rd2 61. Rc4 Rd5 62. e4 Rd3+ 63. Ke2 Rg3 64. g5+ Ke6 65. Rxc5 Rg4 66.
Kf3 Rg1 67. Rc6+ Kf7 68. Rf6+ Kg7 69. Ke3 Re1+ 70. Kd4 Ra1 71. Rc6 Ra4+ 72. Kd5
Ra5+ 73. Rc5 Ra6 74. Rc7+ Kf8 75. Rc6 Ra5+ 76. Ke6 Ra4 77. Kf6 Ke8 78. Kxg6
Rxe4 79. f5 Kd7 80. Ra6 Re8 81. f6 Rg8+ 82. Kf5 Rc8 83. Re6 Rc5+ 84. Re5 Rc1
85. Kg6 Kd6 86. Re2 Rc8 87. f7 1-0

[Event "NAYCC U12 w"]
[Site "Kingston CAN"]
[Date "2019.08.18"]
[Round "6.100"]
[White "Rajaram, Anika"]
[Black "Ruchinskaya, Valerie"]
[Result "1-0"]
[WhiteElo "1560"]
[BlackElo "1412"]
[PlyCount "66"]
[EventDate "2019.08.16"]
[EventType "swiss"]
[EventRounds "9"]
[EventCountry "CAN"]

1. d4 d5 2. c4 c6 3. Nf3 Nf6 4. Qb3 e6 5. Nc3 Be7 6. g3 O-O 7. Bg2 Nbd7 8. O-O
b6 9. Bf4 Nh5 10. Be3 Ba6 11. cxd5 cxd5 12. Rac1 Bb7 13. h3 a6 14. Rfd1 b5 15.
a3 Nb6 16. g4 Nf6 17. Bf4 Qd7 18. Ne5 Qd8 19. Na2 Bd6 20. Nb4 Nc4 21. Nbd3 Qe7
22. a4 Na5 23. Qa2 b4 24. b3 Rfc8 25. Qb2 Nc6 26. Nxc6 Bxc6 27. Bxd6 Qxd6 28.
Qd2 a5 29. Ne5 Bb7 30. Qf4 Qe7 31. Nd3 Nd7 32. Qe3 Ba6 33. Bxd5 Bxd3 1-0

[Event "NAYCC U12 w"]
[Site "Kingston CAN"]
[Date "2019.08.18"]
[Round "6.101"]
[White "Zhong, April Yunwei"]
[Black "Wen, Kally"]
[Result "0-1"]
[WhiteElo "1340"]
[BlackElo "1339"]
[PlyCount "134"]
[EventDate "2019.08.16"]
[EventType "swiss"]
[EventRounds "9"]
[EventCountry "CAN"]

1. d4 Nf6 2. Nf3 e6 3. Bf4 d5 4. e3 Be7 5. c3 c6 6. Nbd2 Nbd7 7. Bd3 b6 8. Qe2
Bb7 9. Ne5 Nxe5 10. dxe5 Nd7 11. Bc2 c5 12. O-O O-O 13. Qg4 g6 14. Nf3 Nb8 15.
h4 Nc6 16. h5 Kg7 17. Ng5 Bxg5 18. Bxg5 Nxe5 19. Qf4 f6 20. Bh6+ Kg8 21. Bxf8
Qxf8 22. Qg3 Qg7 23. f4 Nc4 24. b3 Na3 25. Bd1 gxh5 26. Qxg7+ Kxg7 27. Bxh5 Nc2
28. Rac1 Nxe3 29. Rfe1 d4 30. cxd4 cxd4 31. Rc7+ Kh6 32. Rxb7 Kxh5 33. Rxh7+
Kg4 34. Re7 Kxf4 35. Rxe6 f5 36. Rd6 Ke5 37. Rd7 f4 38. Re2 Rg8 39. Rf7 Rg4 40.
Rf2 Nd1 41. Re2+ Ne3 42. Rd2 Ke6 43. Rxa7 f3 44. Ra6 fxg2 45. Rxb6+ Kd5 46. Rf6
Rh4 47. Rxg2 Nxg2 48. Kxg2 Re4 49. Rf2 d3 50. Kf3 Re8 51. Kg2 Kd4 52. Rf4+ Kc3
53. Rc4+ Kd2 54. Kf2 Kd1 55. b4 d2 56. Rc3 Rf8+ 57. Ke3 Ke1 58. Rd3 d1=Q 59.
Rxd1+ Kxd1 60. Kd3 Rc8 61. a4 Kc1 62. a5 Kb2 63. a6 Kb3 64. b5 Rd8+ 65. Ke4 Kb4
66. b6 Ka5 67. a7 Kxb6 0-1

[Event "NAYCC U12 w"]
[Site "Kingston CAN"]
[Date "2019.08.18"]
[Round "6.102"]
[White "Wang, Lilian"]
[Black "Zhou, Celina"]
[Result "1-0"]
[WhiteElo "1767"]
[BlackElo "1446"]
[PlyCount "117"]
[EventDate "2019.08.16"]
[EventType "swiss"]
[EventRounds "9"]
[EventCountry "CAN"]

1. e4 c5 2. Nf3 Nc6 3. d4 cxd4 4. Nxd4 g6 5. Nc3 Bg7 6. Be3 Nf6 7. f3 d6 8. Qd2
O-O 9. O-O-O Bd7 10. Kb1 a6 11. g4 b5 12. h4 b4 13. Nd5 a5 14. Nxc6 Bxc6 15.
Bh6 Bxd5 16. exd5 Bh8 17. Bxf8 Qxf8 18. h5 Rb8 19. hxg6 fxg6 20. Bh3 Qg7 21.
Qd4 g5 22. Rhe1 a4 23. Bf1 b3 24. cxb3 axb3 25. a3 Rc8 26. Bc4 Qf8 27. Qd3 Qg7
28. Rd2 Nd7 29. Qf5 Rxc4 30. Qxd7 Qg6+ 31. Ka1 Bf6 32. Qe6+ Kg7 33. Qe2 Ra4 34.
Qd3 Rxa3+ 35. Kb1 Qxd3+ 36. Rxd3 Ra5 37. Rxb3 Rxd5 38. Rb8 Rd3 39. Rf1 Be5 40.
Kc2 Rd4 41. b4 Rc4+ 42. Kb3 d5 43. Rb5 e6 44. Rc5 Rf4 45. b5 Rf8 46. Kc2 Kf7
47. b6 Rb8 48. Rb5 Ke7 49. b7 Kd7 50. Rfb1 Kc6 51. Rb6+ Kd7 52. Kb3 Bc7 53. Rb5
Kc6 54. Kc3 e5 55. Kd3 Bd6 56. R5b2 Be7 57. Rh1 d4 58. Rxh7 Bd6 59. Rg7 1-0

[Event "NAYCC U12 w"]
[Site "Kingston CAN"]
[Date "2019.08.18"]
[Round "6.103"]
[White "Yang, Adelynne"]
[Black "Vidyarthi, Omya"]
[Result "0-1"]
[WhiteElo "1133"]
[BlackElo "1905"]
[PlyCount "96"]
[EventDate "2019.08.16"]
[EventType "swiss"]
[EventRounds "9"]
[EventCountry "CAN"]

1. e4 e5 2. Nf3 Nc6 3. Bb5 Nf6 4. d3 Bc5 5. Bg5 a6 6. Ba4 b5 7. Bb3 d6 8. c3
O-O 9. h3 Bb6 10. O-O Qe7 11. Re1 h6 12. Bh4 Bd7 13. Bc2 Rad8 14. d4 Bc8 15. a3
Nb8 16. Qe2 c5 17. dxc5 dxc5 18. Nbd2 Nbd7 19. Rad1 c4 20. Nf1 Qe6 21. Rd2 Nc5
22. Red1 Rxd2 23. Rxd2 Bb7 24. Bxf6 Qxf6 25. N1h2 h5 26. Nf1 Re8 27. Ng3 g6 28.
h4 Bc8 29. Qd1 Bc7 30. Rd5 Ne6 31. Ne2 Bb7 32. Rd7 Bc6 33. Rd2 Nc5 34. Ng3 Qf4
35. Qe2 Bb6 36. Kh1 Rd8 37. Qe1 Kg7 38. Qd1 Rc8 39. Ne2 Qg4 40. Ng3 Nxe4 41.
Bxe4 Bxe4 42. Nxe4 Qxe4 43. Re2 Qg4 44. Rxe5 Bxf2 45. Rg5 Qf4 46. Rd5 Re8 47.
Qc2 Re1+ 48. Nxe1 Qxh4# 0-1

[Event "NAYCC U12 w"]
[Site "Kingston CAN"]
[Date "2019.08.18"]
[Round "6.104"]
[White "Chen, Angela"]
[Black "Morden, Simone"]
[Result "0-1"]
[WhiteElo "1341"]
[BlackElo "1415"]
[PlyCount "142"]
[EventDate "2019.08.16"]
[EventType "swiss"]
[EventRounds "9"]
[EventCountry "CAN"]

1. e4 e5 2. Nf3 Nc6 3. Bc4 Bc5 4. d3 h6 5. O-O Nf6 6. Be3 Bb6 7. Nc3 d6 8. h3
O-O 9. Re1 Be6 10. Bb3 Re8 11. Nd5 Bxd5 12. exd5 Na5 13. Ba4 Re7 14. b4 Bxe3
15. fxe3 Nxd5 16. bxa5 Nc3 17. Qd2 Nxa4 18. Qb4 Nc5 19. d4 exd4 20. exd4 Ne6
21. Qxb7 c5 22. Qe4 d5 23. Qe3 Rc8 24. dxc5 Rxc5 25. Nd4 Rcc7 26. c3 Nxd4 27.
Qxd4 Rc4 28. Qd3 Rec7 29. Rac1 d4 30. Red1 Qg5 31. Re1 Rc8 32. a6 Rxc3 33. Rxc3
dxc3 34. Qc2 Qa5 35. Kh1 Qxa6 36. Re7 Qf1+ 37. Kh2 Qf4+ 38. Kh1 Qd2 39. Re2
Qxc2 40. Rxc2 f6 41. Kg1 Kf7 42. Kf2 Ke6 43. Ke3 Kd5 44. Kd3 Rc4 45. a3 Rd4+
46. Kxc3 Rc4+ 47. Kb3 Rxc2 48. Kxc2 Kc4 49. g3 a5 50. Kb2 a4 51. Kc2 g6 52. g4
f5 53. Kd2 Kb3 54. Kd3 Kxa3 55. Kc3 fxg4 56. hxg4 h5 57. gxh5 gxh5 58. Kd3 Kb2
59. Ke4 a3 60. Kf5 a2 61. Kg5 a1=Q 62. Kxh5 Qg1 63. Kh4 Qg2 64. Kh5 Qg3 65. Kh6
Qg4 66. Kh7 Qg5 67. Kh8 Kc3 68. Kh7 Kd4 69. Kh8 Ke5 70. Kh7 Kf6 71. Kh8 Qg7#
0-1

[Event "NAYCC U12 w"]
[Site "Kingston CAN"]
[Date "2019.08.18"]
[Round "6.105"]
[White "Gomez Camara, Sofia"]
[Black "Zhang, Joyce"]
[Result "1/2-1/2"]
[WhiteElo "1243"]
[BlackElo "1339"]
[PlyCount "93"]
[EventDate "2019.08.16"]
[EventType "swiss"]
[EventRounds "9"]
[EventCountry "CAN"]

1. e4 c5 2. Nf3 d6 3. d4 cxd4 4. Nxd4 Nf6 5. Nc3 a6 6. Bg5 e6 7. f4 h6 8. Bh4
Be7 9. Qf3 Nc6 10. Nb3 e5 11. f5 b5 12. Bd3 Bb7 13. O-O-O Qc7 14. Bxf6 Bxf6 15.
Nd5 Bg5+ 16. Kb1 Qd8 17. g3 b4 18. h4 Bf6 19. Nd2 Nd4 20. Qe3 Bxd5 21. exd5 O-O
22. Nf3 Nxf3 23. Qxf3 a5 24. Bb5 Qb6 25. Bc6 Ra7 26. g4 Rb8 27. Qh3 Kf8 28.
Rdg1 e4 29. g5 Be5 30. Re1 hxg5 31. hxg5 a4 32. g6 b3 33. cxb3 Qb4 34. Qe3 Ra5
35. Rh8+ Ke7 36. Rxb8 Qxb8 37. Bxa4 Rxa4 38. Rc1 Qa7 39. Rc7+ Qxc7 40. bxa4 Qb7
41. Qb3 Qxb3 42. axb3 fxg6 43. fxg6 Kd7 44. Kc2 Kc7 45. Kd2 Bd4 46. Ke2 Kb6 47.
b4 1/2-1/2

[Event "NAYCC U12 w"]
[Site "Kingston CAN"]
[Date "2019.08.18"]
[Round "6.106"]
[White "Elangovan, Ramya"]
[Black "Liu, Lily"]
[Result "1/2-1/2"]
[WhiteElo "1432"]
[BlackElo "919"]
[PlyCount "90"]
[EventDate "2019.08.16"]
[EventType "swiss"]
[EventRounds "9"]
[EventCountry "CAN"]

1. d4 d5 2. Nf3 Nc6 3. g3 e5 4. dxe5 Nxe5 5. Nxe5 Nf6 6. Bg2 c6 7. c4 d4 8. e3
Qa5+ 9. Bd2 Qxe5 10. Qe2 dxe3 11. Bxe3 Bb4+ 12. Nd2 Ne4 13. Bxe4 Qxe4 14. Bd4
Bxd2+ 15. Kxd2 Qxe2+ 16. Kxe2 O-O 17. Rhe1 Bh3 18. f3 Be6 19. b3 a6 20. Kf2 b5
21. cxb5 axb5 22. Re2 Rfd8 23. Be5 c5 24. Ke1 c4 25. bxc4 Bxc4 26. Re4 Rxa2 27.
Rxa2 Bxa2 28. Rd4 Re8 29. Re4 f6 30. Bf4 Rxe4+ 31. fxe4 Kf7 32. e5 g5 33. Be3
Kg6 34. exf6 Kxf6 35. h4 gxh4 36. gxh4 Kg6 37. Kd2 b4 38. Kc2 b3+ 39. Kb2 h5
40. Bg5 Kf5 41. Bd8 Ke4 42. Ka1 Kd3 43. Kb2 Kd2 44. Bg5+ Kd3 45. Bc1 Ke4
1/2-1/2

[Event "NAYCC U12 w"]
[Site "Kingston CAN"]
[Date "2019.08.18"]
[Round "6.107"]
[White "Surya, Dania"]
[Black "Li, Annie"]
[Result "1/2-1/2"]
[WhiteElo "1216"]
[BlackElo "1285"]
[PlyCount "98"]
[EventDate "2019.08.16"]
[EventType "swiss"]
[EventRounds "9"]
[EventCountry "CAN"]

1. e4 e5 2. Nf3 Nc6 3. Bc4 Nf6 4. d3 h6 5. c3 d5 6. exd5 Nxd5 7. O-O Bg4 8. h3
Bh5 9. Re1 Qd6 10. g4 Bg6 11. Nxe5 Nxe5 12. d4 O-O-O 13. dxe5 Qc6 14. Qb3 h5
15. Rd1 Be4 16. Re1 Nb6 17. Bxf7 Bh1 18. Qe6+ Nd7 19. Qxc6 Bxc6 20. Bg5 Nxe5
21. Be6+ Kb8 22. Bxd8 Nf3+ 23. Kf1 Nxe1 24. Kxe1 Bd6 25. Bxc7+ Kxc7 26. Bc4
hxg4 27. hxg4 Bf3 28. Nd2 Bxg4 29. Be2 Re8 30. f3 Bg3+ 31. Kd1 Bf5 32. Ne4 Bxe4
33. fxe4 Rxe4 34. Kd2 g5 35. Rg1 Bf4+ 36. Kd1 b6 37. Bg4 a5 38. Re1 Rxe1+ 39.
Kxe1 a4 40. Kd1 Kd6 41. Kc2 Kc5 42. Kd3 Kc6 43. Kc2 Kc5 44. Kd3 Bd6 45. Bf3 Bh2
46. Bg4 Kd5 47. Bf3+ Kc5 48. Bd1 b5 49. Bf3 b4 1/2-1/2

[Event "NAYCC U12 w"]
[Site "Kingston CAN"]
[Date "2019.08.18"]
[Round "6.108"]
[White "Huang, Lulu"]
[Black "Liao, Jody"]
[Result "1-0"]
[WhiteElo "1285"]
[BlackElo "991"]
[PlyCount "77"]
[EventDate "2019.08.16"]
[EventType "swiss"]
[EventRounds "9"]
[EventCountry "CAN"]

1. e4 e5 2. Nf3 Nc6 3. Bc4 Bc5 4. c3 Nf6 5. d3 h6 6. O-O O-O 7. Be3 Bb6 8. Nbd2
d6 9. h3 Be6 10. Qe2 Qd7 11. Rfe1 a6 12. Rac1 Rad8 13. Bxb6 cxb6 14. Bxe6 fxe6
15. d4 exd4 16. cxd4 Qf7 17. Nf1 Nh5 18. Ng3 Nxg3 19. fxg3 Qg6 20. Kh2 Qf6 21.
d5 exd5 22. exd5 Nb4 23. Qc4 a5 24. a3 Qxb2 25. axb4 Rxf3 26. Re2 Qf6 27. gxf3
Qxf3 28. Rc3 Qf5 29. bxa5 bxa5 30. Qc7 Rf8 31. Qxd6 Qf1 32. Qe6+ Rf7 33. Rcc2
Kh7 34. d6 Rf6 35. Qe4+ Kg8 36. d7 Rf8 37. Qd5+ Kh7 38. d8=Q Rxd8 39. Qxd8 1-0

[Event "NAYCC U12 w"]
[Site "Kingston CAN"]
[Date "2019.08.18"]
[Round "6.109"]
[White "Tec, Isavelina"]
[Black "Jeyakumar, Mathusha"]
[Result "1-0"]
[WhiteElo "1163"]
[BlackElo "855"]
[PlyCount "59"]
[EventDate "2019.08.16"]
[EventType "swiss"]
[EventRounds "9"]
[EventCountry "CAN"]

1. e4 e5 2. Nf3 Nc6 3. d4 exd4 4. Nxd4 Nxd4 5. Qxd4 Nf6 6. Bg5 d6 7. Nc3 Be6 8.
Bxf6 gxf6 9. O-O-O Bh6+ 10. Kb1 Qe7 11. Be2 a6 12. Qa4+ Bd7 13. Qc4 Bc6 14. Bg4
Rg8 15. Bh3 Rd8 16. Nd5 Bxd5 17. exd5 Kf8 18. Rhe1 b5 19. Qc6 Qxe1 20. Rxe1 Rg5
21. Qxc7 Ra8 22. Qxd6+ Kg7 23. Qe7 Rxd5 24. Be6 Re5 25. Qxf7+ Kh8 26. Rxe5 fxe5
27. Qh5 Rd8 28. a3 Bf4 29. g3 Bd2 30. Qxe5# 1-0

[Event "NAYCC U12 w"]
[Site "Kingston CAN"]
[Date "2019.08.18"]
[Round "6.110"]
[White "Jin, Christina"]
[Black "Xie, Amy"]
[Result "1-0"]
[WhiteElo "1503"]
[BlackElo "625"]
[PlyCount "95"]
[EventDate "2019.08.16"]
[EventType "swiss"]
[EventRounds "9"]
[EventCountry "CAN"]

1. d4 d5 2. c4 dxc4 3. Nc3 Nc6 4. d5 Ne5 5. e4 Nf6 6. Bxc4 g6 7. Bb5+ Bd7 8.
Bxd7+ Qxd7 9. Bf4 Neg4 10. Qd2 Bg7 11. h3 Nxf2 12. Qxf2 c6 13. Nge2 cxd5 14.
exd5 O-O 15. O-O Rae8 16. Rad1 e5 17. dxe6 Qxe6 18. Bd6 a6 19. Bxf8 Rxf8 20.
Qc5 Rc8 21. Qd6 Qe8 22. Rxf6 Qf8 23. Qxf8+ Rxf8 24. Rb6 Kh8 25. Rxb7 a5 26. Ra7
Kg8 27. Rxa5 Rb8 28. b3 Rb7 29. Rd8+ Bf8 30. Raa8 Kg7 31. Rxf8 Re7 32. a4 h5
33. a5 Rb7 34. Rfb8 Rd7 35. b4 Kh6 36. a6 Kg5 37. b5 Re7 38. b6 f5 39. b7 Re6
40. Re8 Rb6 41. b8=Q Rxb8 42. Raxb8 Kh6 43. a7 h4 44. a8=Q Kh5 45. Qf3+ Kg5 46.
Qf4+ Kf6 47. Nd5+ Kf7 48. Qc7# 1-0

[Event "NAYCC U12 w"]
[Site "Kingston CAN"]
[Date "2019.08.18"]
[Round "6.111"]
[White "Chen, Helen"]
[Black "Geillon-Barral, Roween"]
[Result "1-0"]
[WhiteElo "1447"]
[BlackElo "874"]
[PlyCount "61"]
[EventDate "2019.08.16"]
[EventType "swiss"]
[EventRounds "9"]
[EventCountry "CAN"]

1. e4 e5 2. Nf3 Nc6 3. Bc4 Bc5 4. c3 Nf6 5. d4 exd4 6. cxd4 Bb4+ 7. Nc3 d6 8.
O-O Bxc3 9. bxc3 Nxe4 10. Re1 Bf5 11. Ng5 O-O 12. Nxe4 d5 13. Ng3 Be6 14. Bd3
g6 15. Bh6 Re8 16. Qd2 Qf6 17. Bg5 Qg7 18. Ne2 h6 19. Bxh6 Qf6 20. Nf4 Bf5 21.
Nxd5 Qh4 22. Bg5 Qh5 23. Nf6+ Kf8 24. Nxh5 Ne7 25. Bh6+ Kg8 26. Bxf5 Nxf5 27.
Nf6+ Kh8 28. Rxe8+ Rxe8 29. Nxe8 Nxh6 30. Qxh6+ Kg8 31. Qg7# 1-0

[Event "NAYCC U12 w"]
[Site "Kingston CAN"]
[Date "2019.08.19"]
[Round "7.98"]
[White "Wen, Kally"]
[Black "Lee, Yesun"]
[Result "0-1"]
[WhiteElo "1339"]
[BlackElo "1696"]
[PlyCount "98"]
[EventDate "2019.08.16"]
[EventType "swiss"]
[EventRounds "9"]
[EventCountry "CAN"]

1. d4 d5 2. c4 c6 3. Nf3 Nf6 4. e3 Bf5 5. Nc3 e6 6. cxd5 exd5 7. Bd3 Bg4 8. Be2
Bd6 9. Rb1 O-O 10. O-O Qc7 11. h3 Bh5 12. b4 a6 13. Na4 Ne4 14. Nd2 Bg6 15.
Nxe4 Bxe4 16. Bd3 f5 17. f3 Bxd3 18. Qxd3 Qe7 19. Nb6 Ra7 20. a3 Bc7 21. Na4
Qh4 22. Nc5 Bg3 23. Bd2 Rf6 24. Be1 b6 25. Na4 b5 26. Nc5 Raf7 27. f4 Rg6 28.
Qe2 Bxe1 29. Rbxe1 Qxh3 30. Qf3 Rg3 31. Qe2 Rf6 32. Rf3 Rh6 33. Rxg3 Qxg3 34.
Qf2 Qh2+ 35. Kf1 Rg6 36. Qg1 Qg3 37. Qf2 Qg4 38. Qe2 Qh4 39. Qf2 Qh5 40. Kg1
Rh6 41. Kf1 Qg4 42. Qg1 Qg3 43. Qf2 Rh1+ 44. Ke2 Qg4+ 45. Kd2 Rh2 46. Rg1 h5
47. Ne6 h4 48. Ng5 h3 49. Nxh3 Qxh3 0-1

[Event "NAYCC U12 w"]
[Site "Kingston CAN"]
[Date "2019.08.19"]
[Round "7.99"]
[White "Rajaram, Anika"]
[Black "Hua, Michelle"]
[Result "0-1"]
[WhiteElo "1560"]
[BlackElo "1666"]
[PlyCount "148"]
[EventDate "2019.08.16"]
[EventType "swiss"]
[EventRounds "9"]
[EventCountry "CAN"]

1. d4 d5 2. c4 e6 3. Nf3 Nf6 4. g3 Be7 5. Bg2 O-O 6. O-O b6 7. cxd5 exd5 8. Nc3
Be6 9. Bf4 Bd6 10. Bxd6 Qxd6 11. Rc1 c6 12. Qc2 Nbd7 13. Rfd1 Rfc8 14. a3 h6
15. Nh4 b5 16. e4 dxe4 17. Nxe4 Nxe4 18. Bxe4 Nf6 19. Nf5 Bxf5 20. Bxf5 Rc7 21.
Qc5 Rd8 22. Qxd6 Rxd6 23. Rc5 g6 24. Bh3 Ne4 25. Re5 Ng5 26. Bg2 f6 27. Ree1
Ne6 28. d5 Rcd7 29. Bf1 Ng5 30. Kg2 Rxd5 31. Rxd5 Rxd5 32. h4 Nf7 33. Re7 a5
34. a4 Ne5 35. axb5 cxb5 36. Rb7 b4 37. Ra7 Rc5 38. Ra6 Kf7 39. b3 Ke7 40. Be2
Rc2 41. Bd1 Rd2 42. Bf3 Nxf3 43. Kxf3 Rd3+ 44. Ke2 Rxb3 45. Rxa5 Ke6 46. Rb5
Rb1 47. Kd3 b3 48. f3 b2 49. Kc2 Rf1 50. Kxb2 Rxf3 51. Rb6+ Kf5 52. h5 gxh5 53.
Rb5+ Kg4 54. Rb7 Kxg3 55. Rh7 h4 56. Rxh6 f5 57. Rg6+ Kf2 58. Rh6 h3 59. Kc2
Kg2 60. Rg6+ Rg3 61. Rh6 h2 62. Kd2 h1=Q 63. Rxh1 Kxh1 64. Ke2 f4 65. Kf2 Kh2
66. Kf1 Rg2 67. Ke1 f3 68. Kf1 f2 69. Ke2 Kg3 70. Kf1 Rg1+ 71. Ke2 f1=Q+ 72.
Kd2 Qf3 73. Kc2 Rg2+ 74. Kc1 Qf1# 0-1